Представление документа в формате RUSMARC

ПолеНазваниеЗначение
  Тип записи a
  Библиографический уровень a
001 Контрольный номер RU/CBS_Ul/BASE/512069862
005 Дата корректировки 20240209175158.4
100 Данные общей обработки __
a Данные общей обработки 20160323d2016 ||| 0rusy0189 ca
101 Язык документа 0_
a Язык текста rus
102 Страна публикации __
a Страна публикации RU
105 Кодированные данные (монография) __
a Кодированные данные (монография) y###||||000|y
200 Заглавие и сведения об ответственности 1_
a Заглавие Индивидуальная карта профилактики ошибок
b Общее обозначение материала Текст
e Сведения, относящиеся к заглавию [помощь учащимся при подготовки к ЕГЕ]
f Первые сведения об ответственности И. Бадертдинова
300 Общие примечания __
a Общие примечания Ограничения по возрасту - 12+
461 Уровень набора _0
1 2000
a Магариф
463 Уровень физической единицы _0
1 001RU/CBS_Ul/BASE/511895144
1 2000
a № 3
v С. 41-42
1 210
d 2016
606 Тематические рубрики 0_
a Основная рубрика Подготовка к экзамену - ЕГЕ
610 Ключевые слова 0_
a Ключевые слова карты профилактики ошибок
a Ключевые слова индивидуальные карты
a Ключевые слова сравнение результатов
a Ключевые слова таблицы контроля
686 Индексы других классификаций __
a Классификационный индекс 74.202.5
2 Код системы ББК
700 Автор _1
a Фамилия Бадертдинова
b Имя (инициалы) И.
801 Источник записи _0
a Страна RU
b Организация МБУК ЦБС г. Ульяновска
c Дата составления 20160323
g Правила каталогизации RCR
801 Источник записи _1
a Страна RU
b Организация МБУК ЦБС г. Ульяновска
c Дата составления 20160323
g Правила каталогизации RCR
901 Тип документа __
t Тип документа b
w Контрольный № источника RU/CBS_Ul/BASE/511895144
910 Корректоры записи __
a Корректор записи Библиотека 17
938 Служебная информация __
a Имя БД period